| 000 | 00703nmc a2200265 a 4500 | ||
|---|---|---|---|
| 003 | AR-BaBNM | ||
| 005 | 20251128210731.0 | ||
| 008 | 096120s1992 ||||||||||||||000 | spa|| | ||
| 020 | _a0-435-27348-5 | ||
| 040 | _cAR-BaBNM | ||
| 100 | 1 | _aCrichton, Michael | |
| 245 | 1 | 0 | _aJurassic Park |
| 260 |
_aOxford _bHeinemann ELT _c1992 |
||
| 300 | 0 |
_a126 p. _bil. |
|
| 490 | 0 | _aHeinemann Elt Guided Readers. Intermediate Level | |
| 500 | 0 | _aDonación Fainholc | |
| 650 | 4 | _aLITERATURA ESTADOUNIDENSE | |
| 650 | 4 | _aNOVELAS | |
| 650 | 4 | _aCIENCIA FICCION | |
| 650 | 4 | _aLITERATURA CONTEMPORANEA | |
| 655 | _aLITERATURA | ||
| 700 | 1 |
_aCornish, F.H. _eadaptador |
|
| 942 | _cBK | ||
| 998 | _cme-solo cat | ||
| 999 |
_c16656 _d16656 |
||